Statistics for France's Territorial Disputes

Click here to take the quiz!

General Stats

  • This quiz has been taken 110 times
  • The average score is 4 of 6

Answer Stats

ContinentAnswer% Correct
EuropeItaly
84%
AfricaComoros
79%
AfricaMauritius
79%
AmericasSuriname
75%
AfricaSeychelles
66%
OceaniaVanuatu
58%

Score Distribution

Percentile by Number Answered

Percent of People with Each Score

Your Score History

You have not taken this quiz